Ведомости из Ярославского приказа, в Комиссию полученные, о делах за майскую 1801 года треть

Доступно только в Электронных читальных залах Найти на картеНа карте
RUSMARC
00004568nmc2a22002773x 450
0017bc2cd89-1c73-4998-83e7-4e03a69b16f1
00520241017210950.0
100##$a20240703l18011801k l0rusy0189 ca
1010#$arus
102##$aRU
105##$ay###
1222#$ad
2001#$aВедомости из Ярославского приказа, в Комиссию полученные, о делах за майскую 1801 года треть
$j6-17 сентября 1801 г.
215##$a4 л.
$d36,5х26 см
251##$cДело
300##$aНа обложке имеются пометы
300##$aКнязь Михайла Голицын; директор школ, статский советник, кавалер Александр Хомутов; секретарь
300##$aОриг. заголовок дела: Дело в Комиссию об учреждении школ из Ярославского приказа общественного призрения. По силе §104 высочайшего устава народных училищ приказ общественного призрения препровождает при этом за майскую 1801 года треть Ярославской губернии о делах училищных ведомость. 6 сентября 1801 г. - 17 сентября 1801 г
371##$aДокумент не является опубликованным и широко распространяемым
461#0$100174716ac7-ef0a-4ce9-889f-df06b5c6e13c
$12001
$aКомиссия об учреждении народных училищ
$1251
$cФонд
$1852
$j730
462#0$1001e6616291-8022-4671-9001-59f853d67170
$12001
$aЖурналы заседаний и определения Комиссии; ведомости приказов общественного призрения о состоянии и бюджете училищ, учителях, успехах учеников
$1251
$cОпись
$1852
$j2
5171#$aДело в Комиссию об учреждении школ из Ярославского приказа общественного призрения. По силе §104 высочайшего устава народных училищ приказ общественного призрения препровождает при этом за майскую 1801 года треть Ярославской губернии о делах училищных ведомость. 6 сентября 1801 г. - 17 сентября 1801 г
801#0$aRU
$bРГИА
$c20240703
$gRCR
801#1$aRU
$bГлавНИВЦ
$c20240703
$2rusmarc
801#2$aRU
$bПБ им. Б.Н. Ельцина
$c20241017
$gRCR
$2rusmarc
850##$aРГИА
852##$aРГИА
$eФедеральное казенное учреждение "Российский государственный исторический архив" (РГИА)
$j977
937##$hРГИА
$d12413123
$aASBIBLIO_SCAN
035##$aRusGRCC00078137
856##$uhttp://readingroom.main.prlib.ru/item.aspx?id_node=n194373447&mode=full
Формат отображения